[Event "Montreal Pere Noel op"]
[Site "Montreal"]
[Date "2024.12.28"]
[Round "2"]
[White "Iordanescu, Victor Nicolae"]
[Black "Gagnon, Serge"]
[Result "1-0"]
[WhiteElo "1760"]
[BlackElo "1996"]
[PlyCount "91"]
[EventDate "2024.12.27"]
[EventType "swiss"]
[EventRounds "5"]
[EventCountry "CAN"]
[SourceTitle "CB04_2025"]
[SourceDate "2025.01.22"]
[SourceVersion "1"]
[SourceVersionDate "2025.01.22"]
[SourceQuality "1"]

1. d4 d6 2. Nf3 g6 3. c4 Bg7 4. Nc3 Nc6 5. h3 e5 6. d5 Nce7 7. e4 f5 8. Bd3 Nf6 9. Bg5 0-0 10. Qd2 f4 11. c5 h6 12. cxd6 cxd6 13. Bxf6 Bxf6 14. a4 g5 15. Nb5 a6 16. Na3 h5 17. Qb4 g4 18. hxg4 hxg4 19. Nd2 Ng6 20. Nac4 Be7 21. Nb6 Rb8 22. Rc1 Nh4 23. Bf1 Kg7 24. a5 Bd7 25. Rg1 Be8 26. Qc3 Bg5 27. Rc2 Bg6 28. Bd3 Rh8 29. Kd1 Qf8 30. Kc1 Rd8 31. Kb1 Kg8 32. b4 Rh7 33. Be2 Bh5 34. f3 g3 35. Bxa6 bxa6 36. Qc4 Ra7 37. Qe2 Be8 38. Rgc1 Bb5 39. Ndc4 Rb8 40. Qd2 Bd8 41. Qd3 Bxc4 42. Rxc4 Nxg2 43. Qa3 Bxb6 44. axb6 Re7 45. Rc7 Qe8 46. Qxa6 1-0

[Event "Montreal op"]
[Site "Montreal"]
[Date "2024.09.15"]
[Round "4"]
[White "Iordanescu, Victor Nicolae"]
[Black "Bain Thouverez, Aurelien"]
[Result "0-1"]
[WhiteElo "1757"]
[BlackElo "1844"]
[PlyCount "50"]
[EventDate "2024.09.13"]
[EventType "swiss"]
[EventRounds "5"]
[EventCountry "CAN"]
[SourceTitle "EXT 2025"]
[Source "ChessBase"]
[SourceDate "2024.10.14"]
[SourceVersion "1"]
[SourceVersionDate "2024.10.14"]
[SourceQuality "1"]

1. e4 c5 2. Nf3 a6 3. d4 cxd4 4. Nxd4 Nf6 5. Nc3 e5 6. Nde2 Bc5 7. Ng3 Qb6 8. Qe2 0-0 9. f3 Nc6 10. Nf5 d5 11. Nxd5 Nxd5 12. exd5 Bxf5 13. dxc6 Rad8 14. cxb7 e4 15. f4 Bf2+ 16. Qxf2 Rd1+ 17. Kxd1 Qxf2 18. Bd2 e3 19. Be2 Bg4 20. Re1 exd2 21. Kxd2 Rd8+ 22. Kc3 Bxe2 23. Rad1 Qc5+ 24. Kb3 Bc4+ 25. Ka4 Bb5+ 0-1

[Event "Montreal op"]
[Site "Montreal"]
[Date "2024.09.14"]
[Round "3"]
[White "Porlier, Xavier"]
[Black "Iordanescu, Victor Nicolae"]
[Result "1/2-1/2"]
[WhiteElo "1893"]
[BlackElo "1757"]
[PlyCount "54"]
[EventDate "2024.09.13"]
[EventType "swiss"]
[EventRounds "5"]
[EventCountry "CAN"]
[SourceTitle "EXT 2025"]
[Source "ChessBase"]
[SourceDate "2024.10.14"]
[SourceVersion "1"]
[SourceVersionDate "2024.10.14"]
[SourceQuality "1"]

1. e4 c6 2. d4 d5 3. exd5 cxd5 4. Nf3 Nc6 5. c4 Nf6 6. Nc3 Bg4 7. cxd5 Nxd5 8. Qb3 Bxf3 9. gxf3 e6 10. Qxb7 Nxd4 11. Bb5+ Nxb5 12. Qc6+ Ke7 13. Nxb5 Rb8 14. Nd4 Qb6 15. Qxb6 Rxb6 16. 0-0 f6 17. b3 Kf7 18. Bb2 e5 19. Ne2 Be7 20. Rac1 Rd8 21. Rfd1 Rbd6 22. Ng3 g6 23. Ba3 R6d7 24. Bxe7 Kxe7 25. a3 Nf4 26. Rxd7+ Rxd7 27. h4 h5 1/2-1/2